书目信息 |
| 题名: |
中国高速动车组创新与经济性分析
|
|
| 作者: | 黄俊辉 , 肖翔 , 倪付峰 , 赵志铎 著 | |
| 分册: | ||
| 出版信息: | 北京 中国铁道出版社有限公司 2019.04 |
|
| 页数: | 168页 | |
| 开本: | 26cm | |
| 丛书名: | ||
| 单 册: | ||
| 中图分类: | F532.3 | |
| 科图分类: | ||
| 主题词: | 高速铁路--gao su tie lu--铁路运输发展--研究--中国 | |
| 电子资源: | ||
| ISBN: | 978-7-113-25684-5 | |
| 000 | 01428nam0 2200301 450 | |
| 001 | 202019136172 | |
| 005 | 20191026133320.0 | |
| 010 | @a978-7-113-25684-5@dCNY98.00 | |
| 100 | @a20191022d2019 em y0chiy50 ea | |
| 101 | 0 | @achi |
| 102 | @aCN@b110000 | |
| 105 | @aak a 000yy | |
| 106 | @ar | |
| 200 | 1 | @a中国高速动车组创新与经济性分析@Azhong guo gao su dong che zu chuang xin yu jing ji xing fen xi@f黄俊辉 ... [等] 著 |
| 210 | @a北京@c中国铁道出版社有限公司@d2019.04 | |
| 215 | @a168页@c图 (部分彩图)@d26cm | |
| 300 | @a供给侧改革下的高铁可持续发展路径探索 | |
| 304 | @a题名页题其余责任者: 肖翔, 倪付峰, 赵志铎 | |
| 320 | @a有书目 (第168页) | |
| 330 | @a本书从定量和定性两个层面分析我国高速铁路巨大的效益性及规模性, 及阻碍其可持续发展的因素。继而以典型线路为例, 分析工业化平台高速动车组未来应用的经济效益 ; 在缓解运输压力、提高旅客舒适性的同时, 能够为铁路运输企业带来哪些方面的经济效益。本书着重关注可量化的直接经济效益及预期产生的社会效益, 从铁路运输企业的角度, 对工业化平台高速动车组的经济效益进行了深入地分析和预测。通过定性及定量分析为我国高铁未来的可持续发展提供一定的理论支持及相关建议。 | |
| 606 | 0 | @a高速铁路@Agao su tie lu@x铁路运输发展@x研究@y中国 |
| 690 | @aF532.3@v5 | |
| 701 | 0 | @a黄俊辉@Ahuang jun hui@4著 |
| 701 | 0 | @a肖翔@Axiao xiang@4著 |
| 701 | 0 | @a倪付峰@Ani fu feng@4著 |
| 701 | 0 | @a赵志铎@Azhao zhi duo@4著 |
| 801 | 0 | @aCN@c20190905 |
| 905 | @a河南城建学院图书馆@dF532.3@eH842 | |
| 中国高速动车组创新与经济性分析/黄俊辉 ... [等] 著.-北京:中国铁道出版社有限公司,2019.04 |
| 168页:图 (部分彩图);26cm |
| 供给侧改革下的高铁可持续发展路径探索 |
| ISBN 978-7-113-25684-5:CNY98.00 |
| 本书从定量和定性两个层面分析我国高速铁路巨大的效益性及规模性, 及阻碍其可持续发展的因素。继而以典型线路为例, 分析工业化平台高速动车组未来应用的经济效益 ; 在缓解运输压力、提高旅客舒适性的同时, 能够为铁路运输企业带来哪些方面的经济效益。本书着重关注可量化的直接经济效益及预期产生的社会效益, 从铁路运输企业的角度, 对工业化平台高速动车组的经济效益进行了深入地分析和预测。通过定性及定量分析为我国高铁未来的可持续发展提供一定的理论支持及相关建议。 |
| ● |
| 相关链接 |
|
|
|
正题名:中国高速动车组创新与经济性分析
索取号:F532.3/H842
 
预约/预借
| 序号 | 登录号 | 条形码 | 馆藏地/架位号 | 状态 | 备注 |
| 1 | 1445065 | 214450654 | 社科库409/409社科库 38排1列1层/ [索取号:F532.3/H842] | 在馆 | |
| 2 | 1445066 | 214450663 | 社科库409/409社科库 38排1列1层/ [索取号:F532.3/H842] | 在馆 |